00649pab a2200181 454500008003600000100001800036245007800054650002100132650002800153650003700181650001300218650002700231650005700258773001100315909001000326999001700336952011400353180718b xxu||||| |||| 00| 0 eng d aRajendran, S. aPepotes participation in social forestry programme: Tamil Nadu experience a Social Forestry a People's Participation a Forests - Citizen Participation a Forests a Citizen Participation aForests - Citizen Participation - India - Tamil Nadu aYojana a23027 c23027d23027 00104070aIIPAbIIPAd2018-07-19hIssue no: 36(19) 31 Oct.,92, p.14-16pAR23096r2018-07-19w2018-07-19yAR